Quizzes
Events
Quiz Creation
Community
Videos
Private Events
Remove Ads
Sign In
Join for FREE
Feedback
Dark Mode
Quiz Categories
Sports
Geography
Music
Movies
Television
Just For Fun
Miscellaneous
History
Literature
Language
Science
Gaming
Entertainment
Religion
Holiday
For Kids
Quiz Lab
Recent
Popular Today
Quiz Kudos Today
Editor Picks
Curator Picks
Quizzes by...
Day
Popularity
Type
Ratings
Length
Year
Community
Subscriptions
Recent Discussions
Orange Saloon
Badges
Playlists
Quests
Create
Leaderboards
Showdown
Live 5
Trivia Bingo
Activity
Puzzle Library
Sporcle Events
Private Events
Virtual Trivia
Globe League
Become a Host
Pub Owners
SporcleCon
Opinionation
Our Games
Videos
Blog
Mobile Apps
Partnerships
Remove Ads and Go Orange
Feedback
Sports
Athletes
MLB
NBA
NHL
NFL
Soccer
Sports Teams
WWE
NCAA
Football
Premier League
Basketball
Baseball
Hockey
Golf
Tennis
Cricket
Rugby
Auto Racing
Olympics
World Cup
Sports
Athletes
MLB
NBA
NHL
NFL
Soccer
Sports Teams
WWE
NCAA
Football
Premier League
Basketball
Baseball
Hockey
Golf
Tennis
Cricket
Rugby
Auto Racing
Olympics
World Cup
Random Quiz
Search Sporcle
×
Quiz Lab
Quiz Lab
Sports
Golf
Type in answers that appear in a list
Type in answers that appear in a list
Classic
Best Score? Go Orange.
The World's Highest Earning Athletes (2013) Stats
Can you name the The World's Highest Earning Athletes (2013)
By
vishnagaraj
20m
100 Questions
342 Plays
342 Plays
342 Plays
Comments
Comments
Give Quiz Kudos
Give Quiz Kudos
-
- Ratings
hide this ad
More Info
Replay
Link that replays current quiz
Next Quiz
Link to next quiz in quiz playlist
You Got
0%
They Got
Avg Score
33%
Avg Friend Score
Upgrade to see
Score Distribution
Jump to the score distribution portion of the page
Score
0/100
Timer
20:00
0
Plays Today
Rank
Name
% Correct
1
Tiger Woods
98%
2
Roger Federer
95%
4
LeBron James
90.6%
9
Cristiano Ronaldo
88%
10
Lionel Messi
88%
3
Kobe Bryant
83%
30
Rafael Nadal
75.4%
86
Li Na
74.3%
8
David Beckham
69.9%
20
Peyton Manning
67.8%
70
Serena Williams
66.4%
80
Deron Williams
65.8%
14
Floyd Mayweather
63.7%
7
Phil Mickelson
62.9%
11
Tom Brady
61.1%
41
Jimmie Johnson
58.8%
31
Calvin Johnson
58.2%
61
Wayne Rooney
58.2%
65
Joe Johnson
58.2%
28
Novak Djokovic
57.6%
23
Dwyane Wade
56.7%
18
Alex Rodriguez
54.4%
26
Lewis Hamilton
53.8%
39
Josh Hamilton
52.9%
17
Kevin Durant
47.1%
21
Rory McIlroy
44.7%
22
Maria Sharapova
44.2%
29
Dwight Howard
44.2%
62
Ryan Howard
44.2%
76
Zlatan Ibrahimovic
43.9%
25
Carmelo Anthony
43.3%
75
Chris Bosh
41.5%
15
Manny Pacquiao
41.2%
19
Fernando Alonso
40.4%
Rank
Name
% Correct
12
Derrick Rose
40.1%
40
Usain Bolt
40.1%
36
Derek Jeter
39.8%
5
Drew Brees
39.2%
6
Aaron Rodgers
39.2%
89
Sebastian Vettel
38%
54
Chris Paul
37.4%
100
Samuel Eto'o
36%
57
Pau Gasol
34.2%
82
Paul Pierce
33.6%
69
Neymar
32.5%
96
Russell Westbrook
31.9%
58
Dirk Nowitzki
31.6%
63
Sergio Aguero
30.4%
67
Yaya Toure
28.4%
32
Dale Earnhardt Jr.
27.8%
45
Vincent Jackson
27.8%
13
Joe Flacco
26.6%
85
Jeff Gordon
26%
27
Amar'e Stoudemire
25.7%
24
Tony Romo
24.9%
73
Fernando Torres
24.3%
46
Miguel Cabrera
22.2%
47
Cliff Lee
22.2%
52
Sachin Tendulkar
22.2%
51
Valentino Rossi
21.9%
94
Steven Gerrard
21.9%
79
Kaka
21.6%
64
Didier Drogba
21.3%
43
Prince Fielder
20.8%
44
CC Sabathia
20.8%
59
Adrian Gonzalez
20.2%
87
Carlos Tevez
19.9%
66
Justin Verlander
19.6%
Rank
Name
% Correct
42
Wladimir Klitschko
17%
68
Roy Halladay
16.1%
78
Ernie Els
16.1%
37
Felix Hernandez
15.5%
93
Rudy Gay
14.9%
48
Mark Teixeira
14.6%
83
Tony Stewart
14.6%
16
Mahendra Singh Dhoni
14.3%
33
Ray Rice
12.6%
72
Carl Crawford
12.3%
95
Zach Randolph
12.3%
71
Tim Lincecum
11.4%
77
Ichiro Suzuki
10.5%
34
Joe Mauer
10.2%
49
Cole Hamels
10.2%
92
Michael Young
10.2%
50
Matt Schaub
9.9%
53
Clay Matthews
9.6%
90
Matt Cain
9.6%
97
Andrew Bynum
9.6%
35
Johan Santana
9.4%
91
Matt Holliday
8.8%
88
Alfonso Soriano
7.9%
74
Barry Zito
7.6%
60
Vernon Wells
6.4%
55
Zack Greinke
5.3%
84
Carl Nicks
5.3%
98
A.J. Burnett
5%
99
Brandon Roy
5%
56
Gilbert Arenas
4.1%
38
Dwayne Bowe
2.6%
81
Brandt Snedeker
1.2%
Quiz Playlist
Details
Report
Send in Message
Add To Playlist
More Info:
World's highest earning athletes. (Includes salary, prize money, and endorsements)
Classic:
Type in answers that appear in a list
Quiz Source
Last Updated: Feb 16, 2017
Quiz Scoreboard
CHALLENGE
Sign Up to Join the Scoreboard
Show All
Scores
Hide
Comments
May contain spoilers
Recently Published
An Introduction to Baseball
by treessimontrees
Sports
5m
Movies - When Are They Set?
by FPL_Elf
Movies
5m
Popular People in 1961
by mucciniale
History
6m
More to Explore
Quiz From the Vault
Featured Blog Post
Where Did the Easter Bunny Come From?
hide this ad
You Might Also Like...
Tags
Baseball Quiz
Basketball Quiz
Football Quiz
Golf Quiz
Soccer Quiz
Tennis Quiz
NASCAR
Today's Top Quizzes in Sports
Browse Sports
hide this ad
Today's Top Quizzes in Golf
Browse Golf
Top Contributed Quizzes in Sports
1
Les meilleurs buteurs des matchs entre le PSG et l’OM
2
2022 World Cup Stars
3
FIFA Club World Cup Champions
4
Les entraîneurs de l'OM et du PSG au 21e siècle
5
Name the Premier League winners with different clubs
6
La finale Lions - Afrique du Sud 2021
7
Criteria MLB: Left Handed Sluggers
8
Les joueurs passés par le LOSC et le RC Lens
9
Players with Multiple 50 Home Run Seasons
10
MLB Players with Two .350 Batting Average Seasons
Explore More
Trending Topics
Anime
Disney
Marvel
Crossword
Harry Potter
NBA
Kpop
Soccer
The Office
Puzzle
Pokémon
WWE
Song
NFL
Country
hide this ad
More By:
vishnagaraj
Quiz
Plays
Rating
Category
Featured
Created
FIFA 18 Top 100 Players (UPDATED MAY 18)
30,165
4.56
Sports
Sep 11, 2017
Top 50 Players in FIFA 14
19,960
4.67
Sports
Sep 4, 2013
Top 100 Players in FIFA 20
7,926
5.00
Sports
Sep 9, 2019
Top 100 Most Valuable Premier League Players 2019/20
6,669
4.00
Sports
Aug 13, 2018
MLB Network Top 100 Players Right Now (2018)
4,476
3.80
Sports
Feb 17, 2018
Go to Creator's Profile
Score Distribution
Quiz Creator Spotlight
vishnagaraj
Follow
Send a Message
Quizzes Created
-
Created Quiz Play Count
-
More By This Creator
Popular Quizzes Today
1
Find the Countries of Europe - No Outlines Minefield
2
Find the US States - No Outlines Minefield
3
The Countries of the World
4
Popular People in 1961
5
US States
6
1-10 Letter E Words III
7
Find the US States
8
One Thing in Common: World Cities II
More Sports Quizzes
Click the CONCACAF Logos
Curator's Pick
Trending Quizzes
Risky Map Clicking: Least Populous States A-Z
1-10 Letter F Words
1-10 Letter G Words
One Thing in Common: United Kingdom
Risky Map Clicking: Next State Alphabetically
Recently Updated
Leaping Animals
pecheneg
Reality TV Shows (A-Z)
bhenderson79
Rickey Henderson's Hall of Fame Teammates
pecheneg
Champions League XIs: Arsenal
pecheneg
Quick Pick: Celebrities in WWE's Hall of Fame
aduchscher
A-Z Keypad Blitz II
pecheneg
Multiple Oscar Actors
pecheneg
Mystery Phrase Blitz: Oscar 'Best Actors'
pecheneg
F. Scott Fitzgerald Novels
LTH
Pick 3 Villains
ddd62291
Trending Topics
Disney
Kpop
Crossword
Harry Potter
Anime
NBA
Marvel
Puzzle
Song
Soccer
WWE
NFL
Pokémon
Country
The Office
Your Account Isn't Verified!
In order to create a playlist on Sporcle, you need to verify the email address you used during registration. Go to your
Sporcle Settings
to finish the process.
Report this User
Report this user for behavior that violates our
Community Guidelines
.
Details:
Send Report
Go to the Sporcle.com Mobile Site →
Comments